000 00504nam a22001577a 4500
005 20220414075909.0
008 220414b2022 my ||||| |||| 00| 0 may d
020 _a9789677010895
_cRM 42.00
040 _aAKMAL
082 _a344.595046 MAL
090 _a344.595046
_bMAL
245 _aAkta Kualiti Alam Sekeliling & Peraturan-peraturan (Akta 127)
_cMengandungi segala pindaan hingga Ogos 2015, Dicetak pada Jun 2021.
260 _aKuala Lumpur
_bMDC
_c2021
300 _a412 pg
_c26cm
942 _2ddc
_cBOOK
999 _c4935
_d4935